| 000 | 02212ncm0a22003851 4500 | ||
|---|---|---|---|
| 001 | RU\NLR\ONIZ\218536 | ||
| 005 | 20250626062622.0 | ||
| 010 | _a978-5-904409-42-5 | ||
| 021 |
_aRU _b15-385н _915-22н |
||
| 035 | _aRU\NLR\ONIZ\Таня\5000004386\20170531123229 | ||
| 035 | _a(NLR Aleph) 011415031 | ||
| 090 |
_a11579752 _c11579752 |
||
| 100 | _a20170531d2014 |||y0rusy50 ca | ||
| 101 | 0 | _arus | |
| 102 | _aRU | ||
| 125 | _azx | ||
| 128 | _ali | ||
| 145 | 0 | _ac | |
| 200 | 1 |
_aГород мой, прекрасный и былинный _bНоты _eпесни и романсы Л. Фёдорова на стихи омских поэтов _e[голос с букв.-цифр. обозначением партии сопровожд.] _fЛ. Фёдоров |
|
| 210 |
_aОмск _cИСОТИ _d2014 |
||
| 215 |
_a41, [2] с. _cцв. ил., фотопортр. _d21 см |
||
| 300 | _aНа тит. л. и обл.: Издание посвящено 300-летию города Омска. Проект "Созвучие нот и слов" | ||
| 313 | _aСистематизация документа проведена по изданию - Методика классифицирования музыкальных произведений (нотных изданий) по таблицам Библиотечно-библиографических классификаций : метод. рекомендации / Гос. б-ка СССР им. В.И. Ленина.- М., 1977. Индексу ББК методических рекомендаций присваивается код ББК для научных библиотек - LBC/SL | ||
| 607 |
_aОмск в музыке _xНоты _yРоссия _zXX-XXI век _2nlr_sh |
||
| 686 |
_aЩ943.4-99-043.3я43(2Р5) _vLBC/SL _2rubbk |
||
| 700 | 1 |
_9z01790 _aФёдоров _bЛ. В. _f1948- _gЛев Викторович _4230 |
|
| 790 | 1 |
_9z01700 _aFyodorov _bL. V. _f1948- _gLev Viktorovich _4230 |
|
| 801 | 0 |
_aRU _bNLR _c20170531 _gPSBO |
|
| 801 | 1 |
_aRU _bNLR _c20170531 _2rusmarc |
|
| 801 | 2 |
_aRU _bNLR _c20170531 |
|
| 852 |
_aNLR _bМ _jК-2/4803 _pМОЭ 2015-22н/385н (2 экз.) _t1 |
||
| 942 | _cSCORE | ||
| 980 | _aNB | ||
| 980 | _aONIZ | ||